Capitolo Generale, ordinario e speciale 1969. (Record n. 25379)

Dettagli MARC
000 -LEADER
fixed length control field 00823nam a2200217Ia 4500
003 - CONTROL NUMBER IDENTIFIER
control field IT-RoPAU
005 - DATE AND TIME OF LATEST TRANSACTION
control field 20220918175706.0
008 - FIXED-LENGTH DATA ELEMENTS--GENERAL INFORMATION
fixed length control field 120407s9999 xx 000 0 und d
040 ## - CATALOGING SOURCE
Original cataloging agency IT-RoPAU
Transcribing agency 20130318100210.0
040 ## - CATALOGING SOURCE
Transcribing agency IT-RoPAU
041 ## - LANGUAGE CODE
Language code of text/sound track or separate title ita
100 ## - MAIN ENTRY--PERSONAL NAME
Personal name Pia Società San Paolo
9 (RLIN) 464
245 ## - TITLE STATEMENT
Title Capitolo Generale, ordinario e speciale 1969.
Remainder of title Schema analitico delle risposte inviate dai religiosi paolini alla trentacinque domande proposte loro
250 ## - EDITION STATEMENT
Edition statement 1° ed
260 ## - PUBLICATION, DISTRIBUTION, ETC. (IMPRINT)
Place of publication, distribution, etc. Roma
Name of publisher, distributor, etc. PSSP (A uso manoscritto)
Date of publication, distribution, etc. 1969
300 ## - PHYSICAL DESCRIPTION
Extent 135 p.
Dimensions 26 cm
490 ## - SERIES STATEMENT
Series statement EP
520 ## - SUMMARY, ETC.
Summary, etc. Indice<br/><br/>Note esplicative<br/>I. - Il fine della nostra Congregazione<br/>II. - La vita della nostra Congregazione<br/>III. - L'apostolato<br/>IV. - La sacra Liturgia<br/>V. - Gli studi<br/><br/>Indice analitico
942 ## - ADDED ENTRY ELEMENTS (KOHA)
Koha item type LIBRO
Source of classification or shelving scheme Dewey Decimal Classification
Dati di copia
Withdrawn status Lost status Source of classification or shelving scheme Damaged status Not for loan Home library Current library Date acquired Total Checkouts Full call number Date last seen Price effective from Koha item type
    Dewey Decimal Classification Buone Condizioni Not For Loan PAULUS-BIBLIOTECA PAULUS-BIBLIOTECA 18/03/2013   P C4 18/03/2013 18/03/2013 LIBRO
    Dewey Decimal Classification Buone Condizioni Not For Loan PAULUS-BIBLIOTECA PAULUS-BIBLIOTECA 20/03/2013   P C4 20/03/2013 20/03/2013 LIBRO
    Dewey Decimal Classification Buone Condizioni Not For Loan PAULUS-BIBLIOTECA PAULUS-BIBLIOTECA 20/03/2013   P C4 20/03/2013 20/03/2013 LIBRO
CREDITS: SOCIETA' SAN PAOLO Via A.Severo, 58 - ROMA (RM) & PERIODICI SAN PAOLO SRL Via Giotto, 36 MILANO & CISF Via Giotto, 36 MILANO & EDIZIONI SAN PAOLO SRL,  Piazza Soncino, 5 CINISELLO BALSAMO (MI) -- ITALY